Największe rzeki Afryki - Statystyki

Ogólne statystyki
  • Ten quiz został rozwiązany 110 razy
  • Średni wynik to 5 z 9
Statystyki odpowiedzi
Np Odpowiedź % Poprawnych
4. Nil
97%
1. Kongo
92%
3. Niger
91%
9. Zambezi
68%
7. Oranje
46%
8. Senegal
44%
2. Limpopo
43%
5. Nil Błękitny
35%
6. Okawango
23%
Nie znaleziono quizów pasujących do podanych kryteriów
Rozkład punktacji
Procent ludzi z każdym wynikiem
Percentyl według liczby udzielonych odpowiedzi
Twoja historia wyników
Nie rozwiązałeś tego quizu